| 000 | 00690cab a2200229 4500 | ||
|---|---|---|---|
| 001 | ABS51801 | ||
| 008 | 090401t1994 xxu||||| |||| 00| 0 eng d | ||
| 035 | _a(Sirsi) u44506 | ||
| 041 | _aeng | ||
| 100 | _aLing, L. | ||
| 245 | 4 | _aThe development of urban land policy in China | |
| 260 | _c1994 | ||
| 350 | _a0 | ||
| 490 |
_aProperty Management _v12(4) 1994, 12-17(6) |
||
| 520 | _aDescribes the historical background to urban land policy in China and recent legislation to consolidate moves to reform the land market. | ||
| 650 | _aCHINA | ||
| 650 | _aPROPERTY DEVELOPMENT | ||
| 690 | _aOVERSEAS-REST OF THE WORLD | ||
| 700 | _aIsaac, D. | ||
| 942 | _n0 | ||
| 948 | _c04/03/1997 | ||
| 999 |
_c28291 _d28291 |
||